| 000 | 00438nam a2200205Ia 4500 | ||
|---|---|---|---|
| 001 | 14298 | ||
| 003 | GE_BSU | ||
| 008 | 181216s||||||||xx |||||||||||||| ||und|| | ||
| 020 | _a0330344153 | ||
| 040 | _cGE_BSU | ||
| 080 | _a821.111-3 | ||
| 100 | _aSmith,Wilbur | ||
| 245 | 4 | _aThe seventh Scrooll | |
| 260 | _aLondon | ||
| 260 | _bPan books | ||
| 260 | _c1995 | ||
| 300 | _a708p.18cm. | ||
| 653 | _aThe seventh Scrooll | ||
| 942 | _cBK | ||
| 999 |
_c47436 _d47436 |
||